000 00327nam a2200145Ia 4500
005 20251222152658.0
008 251222s9999||||xx |||||||||||||| ||spa||
020 _a968190284X
082 _a863.64/M27
100 _aMastetta, Ángeles
245 0 _aMal de Amores
250 _a1ra. ed.
264 _bAlfaguara
942 _cLIB
999 _c28726
_d28726